Quiz o Katastrofie w Czarnobylu - Statystyki

Ogólne statystyki
  • Ten quiz został rozwiązany 11 razy
  • Średni wynik to 8 z 19
Statystyki odpowiedzi
Pytanie Odpowiedź % Poprawnych
Kiedy wygaszono CzarnobylskąElektrownie jądrową. (rok) 2000
63%
Kiedy wybudowano Nową Arkę okrywającąSarkofag (rok) 2016
63%
Podaj datę katastrofyw Czarnobylu. 26.04.1986
63%
Katastrofa w Czarobylu zakwalifikowała się do którego stopnia INES 7
50%
Jaki śmigłowiec wpadł do wnętrza reaktora. Mi-8
50%
W jakim kraju wzrosło promieniowanie,przez co zaczęto coś podejrzewać. Szwecja
50%
Górnicy którzy kopali tunel pod Reaktorem byzamontować... Wymiennik Ciepła
50%
Dokładna godzina, minuta, sekunda wybuchu. 1:23:45
38%
Podaj dokładną nazwęElektrowni w Czarnobylu (bez skrótów) Czarnobylska Elektrownia Jądrowa imienia Włodzimierza Lenina
38%
Moderator w Reaktorach RBMK-1000 Grafit
38%
Prawdziwa lokalizacja Elektrowni (miejscowość) Prypeć
38%
Kto był w Pompowni podczas eksplozji Walerij Chodemczuk
38%
Dyrektor Czarnobylskiej elektrowni jądrowej. Wiktor Briuchanow
38%
Ile ZSRR podało ofiar śmiertelnych bezpośrenich 31
25%
Moc Cieplna/TermicznaReaktora typu RBMK-1000 3200MW
25%
Dwie osoby które poszłyodkręcić zawory z wodą chwilę po wybuchu. Akimov i Toptunov
25%
Robot z RFN który po kilku minutachpodczas pobytu na dachu odsłoniętego reaktora przestał działać. Joker
25%
2 główne Złomowiska maszyn biorących udział w likwidacji skutków katastrofy w Czarnobylu Rassokha i Burakówka
25%
Powiesił się po tym jak ZSRR potraktowałosprawę Katastrofy w Czarnobylu. Walerij Legasov
25%
Nie znaleziono quizów pasujących do podanych kryteriów
Rozkład punktacji
Procent ludzi z każdym wynikiem
Percentyl według liczby udzielonych odpowiedzi
Twoja historia wyników
Nie rozwiązałeś tego quizu